000 00315nam a2200133Ia 4500
008 191201s2014 xx 000 0 und d
100 _aMALHOTRA, MM
245 0 _aDesign of Steel Structures
250 _aRep
260 _aN. Delhi
_bJain Brothers
_c2014
300 _a448
650 _aB.Tech(CE)
942 _2ddc
_cBK
999 _c5885
_d5885